000 00697nam a2200217Ia 4500
003 GCL
008 140319s9999 xx 000 0 ara d
040 _aGCL /
_cGCL
082 0 4 _a229.8
_bب ا
100 1 _aبسام نهاد جرار
245 1 0 _aاعجاز الرقم 19 فى القرآن الكريم :
_bمقدمات تنتظر النتائج /
_cبسام نهاد جرار
250 _aالثانية
260 _aبيروت :
_bالمؤسسة الاسلامية ،
_c1994
300 _a175 ص ؛
_c24 سم
490 _a
650 0 4 _aالاسلام
650 0 4 _aالقران - دراسة
650 0 4 _aالقران - اعجاز
650 0 4 _aالقران
942 _2ddc
_cBK
999 _c55230
_d55230